| 000 | 00365 a2200109 4500 | ||
|---|---|---|---|
| 001 | ART_23952 | ||
| 005 | 20260410161933.0 | ||
| 008 | 260409a | ||
| 245 | 1 | 0 | _aComercio internacional, movilidad de algunos factores y movilidad de todos los factores |
| 100 | 1 | _aPablo, Juan Carlos de | |
| 773 | 0 |
_tInforme _g- Año X, Nº 51 (sep. 1978) _wREV23765 |
|
| 999 |
_c28754 _d28754 |
||